000 00873cam a22002893a 4500
001 19372
003 PGUSA
005 20140828083418.0
008 060925s2006||||xxu|||||s|||||000 1 eng d
040 _aPGUSA
_beng
042 _adc
050 4 _aPR
100 1 _aCollins, Wilkie,
_d1824-1889
245 1 0 _aJohn Jagon henki tahi kuollutko vai elävä?
_h[electronic resource] /
_cWilkie Collins
260 _bProject Gutenberg,
_c2006
500 _aTranslation of: The Dead Alive
506 _aPublic domain in the USA.
516 _aElectronic text
653 _aTrials (Murder) -- Fiction
653 _aLegal stories
653 _aJudicial error -- Fiction
653 _aAttorney and client -- Fiction
700 1 _aForsman, Anton Oskar,
_d1850-1914
830 0 _aProject Gutenberg
_v19372
856 4 0 _uhttp://www.gutenberg.org/ebooks/19372
942 _cEB
999 _c248627
_d248627